Statistiques concernant Petit Bac #21 - Îles du Monde

Cliquez ici pour prendre le quiz!

Statistiques générales

  • Ce quiz a été pris 363 fois
  • Le résultat moyen est 8 sur 17

Statistiques - réponses

1ère Lettre Ile (20000+ km2) % Correct
AAustralie / Alexandre-Ier / Axel Heiberg
87%
MMadagascar / Mindanao / Melville / Marajó
82%
SSumatra / Sud (île du) / Sakhaline / Sri Lanka / Severny / Southampton / Spitzberg / Sicile / Somerset / Sardaigne
79%
IIslande / Irlande / Ioujny
75%
CCélèbes / Cuba
74%
GGroenland / Grande-Bretagne / Grande Ile de Terre de Feu
69%
TTerre-Neuve / Tasmanie / Taïwan / Timor
63%
BBornéo / Baffin / Banks / Berkner / Bananal
56%
HHonshū / Hokkaidō / Hispaniola / Hainan
52%
JJava
49%
NNouvelle-Guinée / Nord (île du) / Nouvelle-Bretagne
40%
KKyūshū / Kotelny
19%
VVictoria / Vancouver
18%
LLuçon
15%
EEllesmere
9%
DDevon
4%
PPrince-de-Galles
2%

Distribution des résultats

Percentile by Number Answered

% des personnes avec chaque résultat

Votre développement - résultats

Vous n’avez pas pris ce quiz